| 000 | 01042cam a2200349 a 4500 | ||
|---|---|---|---|
| 001 | 22457 | ||
| 003 | SK-KTurca | ||
| 005 | 20260328124633.0 | ||
| 008 | 240606s1994 xo g 0000f slo | ||
| 015 | _aSNBA1994/05 | ||
| 020 | _a8006003734 | ||
| 035 | _aSNK000017678 | ||
| 040 |
_aSNK _bslo _cSNK _eAACR2 |
||
| 041 | 0 | _aslo | |
| 044 |
_axo _cSK |
||
| 080 |
_a820 (73)-3 _21981 |
||
| 100 | 1 |
_aMacDonald, Betty Bard, _d1908-1958 _4aut |
|
| 245 | 1 | 0 |
_aMy správne ženy _cBetty MacDonaldová ; preložila Oľga Kralovičová |
| 250 | _a1.vyd. | ||
| 260 |
_aBratislava _bMladé letá _c1994 _eNitra _fNitrianske tlačiarne |
||
| 300 |
_a224 s. _c21 cm |
||
| 490 | 1 | _aČajka | |
| 500 | _aPreložené z angličtiny | ||
| 650 | 0 | 7 |
_aamerické romány _2SNKPH |
| 655 | 7 |
_aľúbostné romány _2SNKPH |
|
| 700 | 1 |
_aKralovičová, Oľga, _d1957- _4trl |
|
| 700 | 1 |
_aMydlo, Svetozár, _d1948-2014 _4bjk |
|
| 830 | 0 | _aČajka | |
| 942 |
_2ddc _cKLDO _n0 |
||
| 999 |
_c22457 _d22457 |
||